000 01083nam a2200217Ia 4500
001 564
003 GE_BSU
008 181216s||||||||xx |||||||||||||| ||und||
020 _a9789941014031
040 _cGE_BSU
080 _a35(479.22)(075.8)+338.486.1(479.22
100 _aზარნაძე,ნინო;ნარმანია,დავით
245 _aსაზოგადოებრივი ადმინისტრირების საფუძვლები და საზოგადოებრივი ადმინისტრირება საქართველოში
245 _bდამხმარე სახელმძღვანელო
260 _aთბილისი
260 _c2009
300 _a290გვ.
541 _h10ლ.
653 _aსაზოგადოებრივი ადმინისტრირების საფუძვლები და საზოგადოებრივი ადმინისტრირება საქართველოში
942 _cBK
999 _c34763
_d34763